M-Design. (Record no. 21246)
[ view plain ]
| 000 -LEADER | |
|---|---|
| fixed length control field | 00882nam a22003015a 4500 |
| 003 - CONTROL NUMBER IDENTIFIER | |
| control field | EG-ScBUE |
| 005 - DATE AND TIME OF LATEST TRANSACTION | |
| control field | 20221115065055.0 |
| 008 - FIXED-LENGTH DATA ELEMENTS--GENERAL INFORMATION | |
| fixed length control field | 160225s2014 ko o f 000 0 eng d |
| 020 ## - INTERNATIONAL STANDARD BOOK NUMBER | |
| International Standard Book Number | 9788997767267 (set) |
| 020 ## - INTERNATIONAL STANDARD BOOK NUMBER | |
| International Standard Book Number | 9788997767274 (v. 1) |
| 020 ## - INTERNATIONAL STANDARD BOOK NUMBER | |
| International Standard Book Number | 9788997767281 (v. 2) |
| 020 ## - INTERNATIONAL STANDARD BOOK NUMBER | |
| International Standard Book Number | 9788997767298 (v. 3) |
| 020 ## - INTERNATIONAL STANDARD BOOK NUMBER | |
| International Standard Book Number | 9788997767304 (v. 4) |
| 040 ## - CATALOGING SOURCE | |
| Original cataloging agency | EG-ScBUE |
| Language of cataloging | eng |
| Description conventions | rda |
| Transcribing agency | EG-ScBUE |
| Modifying agency | EG-ScBUE |
| 041 0# - LANGUAGE CODE | |
| Language code of text/sound track or separate title | eng |
| -- | kor |
| 082 04 - DEWEY DECIMAL CLASSIFICATION NUMBER | |
| Classification number | 724 |
| Item number | MDE |
| Edition number | 22 |
| 245 00 - TITLE STATEMENT | |
| Title | M-Design. |
| 264 #1 - PUBLICATION, DISTRIBUTION, ETC. (IMPRINT) | |
| Place of publication, distribution, etc | Seoul, Korea : |
| Name of publisher, distributor, etc | Choseok, |
| Date of publication, distribution, etc | 2014. |
| 300 ## - PHYSICAL DESCRIPTION | |
| Extent | 4 volumes : |
| Other physical details | photographs ; |
| Dimensions | 30 cm. |
| 490 0# - SERIES STATEMENT | |
| Series statement | Modern architecture |
| 505 0# - FORMATTED CONTENTS NOTE | |
| Formatted contents note | Volume 1 -- Volume 2 -- Volume 3 -- Volume 4. |
| 546 ## - LANGUAGE NOTE | |
| Language note | Text in English and Korean. |
| 650 #7 - SUBJECT ADDED ENTRY--TOPICAL TERM | |
| Topical term or geographic name as entry element | Architecture, Modern. |
| Source of heading or term | BUEsh |
| 9 (RLIN) | 11499 |
| 651 ## - SUBJECT ADDED ENTRY--GEOGRAPHIC NAME | |
| Source of heading or term | BUEsh |
| 653 ## - INDEX TERM--UNCONTROLLED | |
| Resource For college | Engineering, Architecture |
| Arrived date list | February2016 |
| 655 ## - INDEX TERM--GENRE/FORM | |
| Form subdivision | Reading book |
| 942 ## - ADDED ENTRY ELEMENTS (KOHA) | |
| Source of classification or shelving scheme | Dewey Decimal Classification |
| Koha item type | Book - Borrowing |
| Withdrawn status | Lost status | Source of classification or shelving scheme | Damaged status | Not for loan | Collection code | Home library | Current library | Shelving location | Date acquired | Source of acquisition | Cost, normal purchase price | Serial Enumeration / chronology | Total Checkouts | Total Renewals | Full call number | Barcode | Date last seen | Date checked out | Cost, replacement price | Koha item type | Public note | Price effective from |
|---|---|---|---|---|---|---|---|---|---|---|---|---|---|---|---|---|---|---|---|---|---|---|
| Dewey Decimal Classification | Academic Bookshop | Central Library | Central Library | Second Floor | 25/02/2016 | Purchase | 360.00 | 4857 | 1 | 19 | 724 MDE | 000031705 | 15/07/2025 | 09/02/2017 | 450.00 | Book - Borrowing | VOL. 1. | |||||
| Dewey Decimal Classification | Academic Bookshop | Central Library | Central Library | Second Floor | 25/02/2016 | Purchase | 360.00 | 4857 | 724 MDE | 000031706 | 15/07/2025 | 450.00 | Book - Borrowing | VOL. 2. | 25/02/2016 | |||||||
| Dewey Decimal Classification | Academic Bookshop | Central Library | Central Library | Second Floor | 25/02/2016 | Purchase | 360.00 | 4857 | 1 | 7 | 724 MDE | 000031707 | 15/07/2025 | 19/03/2019 | 450.00 | Book - Borrowing | VOL. 3. | 25/02/2016 | ||||
| Dewey Decimal Classification | Academic Bookshop | Central Library | Central Library | Second Floor | 25/02/2016 | Purchase | 360.00 | 4857 | 724 MDE | 000031708 | 15/07/2025 | 450.00 | Book - Borrowing | VOL. 4. |